000 00474nam a22001577a 4500
005 20251113101309.0
008 251113b |||||||| |||| 00| 0 eng d
020 _a979-8-88715-353-7
100 _aCRACKSTONE, KATE
245 _aSHIP DESIGN, CONSTRUCTION AND OPERATION
260 _aDUBLIN
_bORYSON PRESS
_c2024
300 _aVI, 276P.
500 _aINCLUDES INDEX
650 _a1. SHIPS -DESIGN AND CONSTRUCTION 2. SHIPBUILDING 3. MARINE ENGINEERING
942 _2lcc
_cBK
999 _c216179
_d216179